000 00478nam a2200169 i 4500
001 67374
003 ES-MaACL
005 20230906170044.0
007 t|
008 040520s2000 bo ||||1| spa d
080 _a821.134.2(84)-32"19"
100 1 _aParada de Brown, Lydia.
_988907
245 1 0 _aVivencias por MarĂ­a /
_cLydia Parada de Brown.
260 _aTrinidad, Beni :
_bTiempo del Beni,
_c2000.
300 _a102 p. ;
_c21 cm.
852 _aES-MaACL
_jL-27571
_bR.133085
999 _c67374
_d67374